Statistiques concernant đź“– 200 premiers mots du Petit Prince

Cliquez ici pour prendre le quiz!

Statistiques générales

  • Ce quiz a Ă©tĂ© pris 152 fois
  • Le rĂ©sultat moyen est 113 sur 200

Statistiques - réponses

Mots% Correct
d'
99%
s'
99%
l'
98%
Ă 
97%
de
97%
le
97%
1.
96%
un
96%
j'
94%
J'
94%
m'
94%
la
93%
et,
89%
et
89%
il
89%
Il
89%
"Les
89%
Les
89%
les
89%
ai
87%
une
86%
je
78%
ou ...
78%
Ca
77%
ça : [image]
77%
qui
77%
mon
74%
Mon
74%
On
74%
que
73%
dessin
72%
dessin.
72%
Ă©tait
72%
avais
68%
ne
67%
si
67%
dans
66%
ils
65%
pas
65%
dessiné
64%
du
63%
comme
62%
Elles
62%
ont
61%
avec
57%
sur
57%
2
55%
alors
53%
ans
52%
leur
52%
six
52%
tout
51%
six
50%
demandé
49%
aux
48%
grandes
48%
plus
48%
chapeau.
47%
chapeau
47%
éléphant.
47%
sans
47%
vu,
47%
serpent
46%
fois,
44%
personnes
44%
boa,
41%
boa
41%
crayon
41%
Lorsque
41%
montré
41%
livre
39%
livre :
39%
répondu :
37%
toujours
36%
couleur,
34%
"Pourquoi
34%
tour,
33%
faisait
32%
numéro
32%
intérieur
31%
image,
30%
premier
30%
représentait
30%
appelait
28%
avalait
28%
oeuvre
28%
peur?"
28%
peur.
28%
afin
27%
chef-
25%
ferait-
25%
serpents
24%
comprendre.
22%
dessins
22%
disait
22%
puissent
22%
digérait
21%
boas
20%
avalent
18%
Ensuite
18%
mois
18%
pendant
18%
peuvent
18%
beaucoup
17%
proie
17%
côté
16%
entière,
16%
"Histoires
16%
mâcher.
16%
digestion."
15%
ForĂŞt
15%
jungle
15%
dorment
14%
laisser
14%
conseillé
13%
magnifique
13%
VoilĂ 
13%
besoin
12%
bouger
12%
aventures
11%
ouverts
11%
explications.
10%
Vierge
10%
copie
9%
réfléchi
9%
tracer
9%
VĂ©cues".
9%
fauve.
8%
réussi,
8%

Distribution des résultats

Percentile par nombre de réponses

% des personnes avec chaque résultat

Votre développement - résultats

Vous n’avez pas pris ce quiz